=LDR 00000nam 2200000 4500 =001 INLIS000000000040277 =005 20130612145840 =008 ***********************************ind** =035 ##$$0010-061300000040277 =041 ##$$a ind =082 ##$$a R.346 63 =090 ##$$a R.346 63, Per p =100 ##$$a PERANGIN,Effendi =245 ##$$a Praktek jual beli tanah, Effendi Perangin =250 ##$$a Seri Hukum Agraria =260 ##$$a 1994 $b Jakarta =300 ##$$a xi,149 hlm, 20 cm =650 ##$$a Jual Beli Tanah =650 ##$$a Undang-undang dan peraturan =850 ##$$a NBPNMAT